Missing Word: 'K' #1s Quiz Stats

 Plays Quiz Updated Oct 5, 2013

Support Sporcle.
Go Orange.
Score 0/14 Timer 03:00
2 Plays Today
Single Title 'K' Word % Correct
____ Fu FightingKung
98.1%
Somebody That I Used To ____Know
97.9%
I ____ a GirlKissed
93.1%
New ____ in TownKid
92.9%
Love Will ____ Us TogetherKeep
92.8%
____ Me SoftlyKilling
89.3%
On Bended ____Knee
88.7%
Single Title 'K' Word % Correct
Groovy ____ of LoveKind
84.9%
I ____ I Loved YouKnew
82.6%
____ ChameleonKarma
79.4%
Mack the ____Knife
73.3%
____ Three TimesKnock
72.7%
____ CityKansas
42.3%
Brand New ____Key
28.4%

Today's Daily Dose

You're not logged in!

Compare scores with friends on all Sporcle quizzes.
OR
Log In

From the Vault

International Soccer Cup Winners

by imabanana

This quiz proves that this soccer thing could really catch on around the world.
Remove Ads.
Support Sporcle.
Get the best of Sporcle when you Go Orange. This ad-free experience offers more features, more stats, and more fun while also helping to support Sporcle. Thank you for becoming a member.

Show Comments

Extras

Top Quizzes Today


Score Distribution

Your Account Isn't Verified!

In order to create a playlist on Sporcle, you need to verify the email address you used during registration. Go to your Sporcle Settings to finish the process.

Report this User

Report this user for behavior that violates our Community Guidelines.

Details: